000 00831nam a2200277Ia 4500
003 OSt
005 20220918222326.0
006 a|||||r|||| 00| 0
007 ta
008 220917b |||||||| |||| 00| 0 eng d
024 _a216,402
037 _cTextual
040 _aARTS
_cARTS
_beng
041 _2eng
_aeng
082 _aR4,(Q2), N1
100 _aCoward Harold G.
_937846
245 0 _aHindu Ethics
_b purity, abortion, and Euthanasia
260 _aDelhi
_bSri Satguru publications India
_c1991
300 _a139p.
_ccm.
490 _aSri Garib Dass Oriential Series No.; 124
650 _aETHICS
700 _a Lipner Julius J.
_914280
700 _a Young Katherine K.
_9142774
942 _hR4,(Q2), N1
_cTEXL
_2CC
999 _c275142
_d275142